| LEADER |
01387nam0a2200205 450 |
| 001 |
16832337 |
| 010 |
|
|
|a 978-2-8097-1413-5
|b br.
|d 14
|
| 100 |
|
|
|a 20190219d2019 u u0frey01 ba
|
| 101 |
1 |
|
|a fre
|c jpn
|
| 102 |
|
|
|a FR
|
| 200 |
0 |
|
|a Quand le ciel pleut d'indifférence
|e roman
|f Shiga Izumi
|g traduit du japonais par Elisabeth Suetsugu
|
| 207 |
|
1 |
|a
|
| 210 |
|
|
|a Arles
|c Picquier
|d 2019
|
| 215 |
|
|
|a 1 vol. (125 p.)
|d 21 cm
|
| 330 |
|
|
|a Un homme parcourt les rues désertes et les jardins vides d'une petite ville proche de Fukushima, les poches remplies de nourriture pour les chats et les chiens livrés à eux-mêmes. Ce promeneur solitaire est revenu dans son pays natal pour prendre soin de sa mère, à la recherche de souvenirs éparpillés autour d'un amour d'enfance. Pour lui, la catastrophe a déjà eu lieu, il y a trente ans. Au cúur du roman surgit l'image magnifique d'un paon dont la beauté recèle un effroi mystérieux car il est associé à un drame dont l'homme porte la responsabilité - un secret de famille bouleversant. Le moment est venu pour lui de cesser de fuir pour tenter de réparer le passé et se réconcilier avec soi-même.
|
| 700 |
|
0 |
|a Shiga
|b Izumi
|f 1960-....
|4 70
|
| 702 |
|
0 |
|a Suetsugu
|b Elisabeth
|4 730
|
| 900 |
|
|
|a Roman
|
| 901 |
|
|
|a Accessible au prêt
|
| 995 |
|
|
|a Bibliothèque
|c Bibliothèque
|f 024019909
|h 024019909
|k R SHI
|o p
|q a
|r az
|e Bibliothèque
|